000 00404nam a2200169Ia 4500
001 6918
003 IN-NITTTR
005 20251114233023.0
008 251113s9999||||xx |||||||||||||| ||eng||
040 _beng
040 _cIN-NITTTR
041 _aeng
082 _a621.321 P249S
100 _aParry, Moon
245 4 _aThe scientific basis of illuminating engineering. /
_cParry, Moon
942 _2ddc
_cBK
999 _c9556
_d9556